000 00339 a2200169 4500
001 183261
020 _a
040 _cMagnum
100 _aEcke, Wolfgang
240 1 0 _aA longa fuga
_lpor
245 1 0 _aA longa fuga
300 _a170
362 0 _a1966
440 1 _aRecord
697 _aLITERATURA GERAL ESTRANGEIRA
942 _cBK
999 _c183261
_d183261